000 00541nam a2200181 i 4500
001 91585
003 ES-MaACL
005 20230906180746.0
007 t|
008 050131s1969 sp ||||1| spa d
110 0 0 _aEspaña.
_tLeyes, etc.
_9184149
245 1 0 _aLey de 17 de julio de 1958 sobre procedimiento administrativo... modificada por Ley 164 de 2 de diciembre de 1963.
250 _a[2ª ed.].
260 _aMadrid :
_bReus,
_c1969.
300 _a249 p. ;
_c17 cm.
852 _aES-MaACL
_jC-36115
_bR.69206
999 _c91585
_d91585